| 000 | 00762nam a22002415a 4500 | ||
|---|---|---|---|
| 008 | 170122s2016 nyua||||rb||| 001 0 eng d | ||
| 020 | _a1681174243 | ||
| 020 | _a9781681174242 | ||
| 040 |
_aEG-ScBUE _beng _cEG-ScBUE |
||
| 082 | 0 | 4 |
_222 _a665.544 _bOIL |
| 245 |
_aOil and gas pipelines / _cEditor, Deepa Honap. |
||
| 260 |
_aValley Cottage, New York : _bSCITUS Academics, _c2016. |
||
| 300 |
_a229 p. : _bill. ; _c19 cm. |
||
| 500 | _aIndex : p. 227-229. | ||
| 504 | _aIncludes bibliographical references. | ||
| 590 | _aWessam | ||
| 650 | 7 |
_2BUEsh _941783 _aPetroleum pipelines. |
|
| 650 | 7 |
_941784 _aGas pipelines. _2BUEsh |
|
| 651 | _2BUEsh | ||
| 653 |
_bENGPET _cJanuary2017 |
||
| 700 | 1 |
_941765 _aHonap, Deepa. _eeditor. |
|
| 942 |
_2ddc _e22 _k665.544 OIL |
||
| 999 |
_c23988 _d23960 |
||